000 00573nam a2200193Ia 4500
003 GCL
008 140319s9999 xx 000 0 ara d
040 _aGCL /
_cGCL
082 0 4 _aق
_b350.03
_bع س
100 1 _aعلى حلمى
245 1 0 _aالشرطة والامن بمصر فى مختلف العصور العصر الفرعونى /
_cعلى حلمى
300 _a243 ص
490 _a
650 0 4 _aالفراعنة
650 0 4 _aالحضارة الفرعونية
650 0 4 _aعصر الاسرات
650 0 4 _aالشرطة , تاريخ
942 _2ddc
_cBK
999 _c38734
_d38734